00310nam a2200109Ia 4500100003200000654002200032245006400054260004300118082001900161300000800180546001200188 aJain /M.K./ Iyengar/S.R.K.  anumerical methods aNumerical methods for Scientific & Engineering computation bWILEY EASTERN LIMITEDaNew Delhic1993 a519.4bJAI/IYE a450 aENGLISH